Top 100 U.S. Universities in 2010 Quiz Stats

 Plays Quiz not verified by Sporcle

Challenge
Share
Tweet
Embed
Score 0/101 Timer 10:00
0 Plays Today
Ranking School % Correct
1Harvard University
98.7%
3Yale University
97.4%
4University of Pennsylvania
95.3%
1Princeton University
94.4%
4Massachusetts Institute of Technology
92.4%
47University of Texas-Austin
91.7%
21University of California-Berkeley
91.3%
4Stanford University
90.7%
16Brown University
89.2%
24University of California-Los Angeles
89.1%
28University of North Carolina-Chapel Hill
89%
10Duke University
88.8%
58University of Georgia
88.7%
27University of Michigan
88.5%
42University of Washington
87.7%
25University of Virginia
87.6%
12Washington University in St. Louis
86.9%
8Columbia University
85.6%
47University of Florida
84%
32New York University
83.8%
23Georgetown University
83.5%
8University of Chicago
83.3%
39University of Wisconsin-Madison
82%
26University of Southern California
82%
71Indiana University-Bloomington
81.5%
53Ohio State University
81.5%
71University of Iowa
80.7%
11Dartmouth College
80.5%
77University of Colorado-Boulder
79.6%
39University of Illinois-Urbana-Champaign
78.3%
15Cornell University
78.1%
96University of Alabama
77.9%
12Northwestern University
77.5%
53University of Maryland
77.1%
Ranking School % Correct
35Georgia Institute of Technology
76.5%
56Boston University
76.1%
34Boston College
75%
20University of Notre Dame
74.1%
47Pennsylvania State University-University Park
73.9%
50University of Miami
73.6%
17Vanderbilt University
73.1%
77Miami University-Oxford
73%
96University of Kansas
72.9%
4California Institute of Technology
71.1%
96University of Nebraska
68.4%
68University of Delaware
68.1%
66Rutgers University-New Brunswick
67.6%
66University of Connecticut
67.3%
17Rice University
67%
71Virginia Polytechnic Institute
66.7%
61University of Minnesota-Twin Cities
65%
71Michigan State University
64.3%
53George Washington University
63.6%
14Johns Hopkins University
63.2%
61Texas A&M University-College Station
63%
17Emory University
60.4%
88University of Vermont
60.4%
35University of California-San Diego
60.1%
56University of Pittsburgh
60%
71Brigham Young University
59.2%
50Tulane University
57.4%
58Syracuse University
56.8%
84American University
56.7%
28Wake Forest University
56.7%
61Purdue University-West Lafayette
56.5%
88Auburn University
54.6%
61Clemson University
51.3%
88Iowa State University
51.1%
Ranking School % Correct
88North Carolina State University
49.1%
33College of William & Mary
48.4%
22Carnegie Mellon University
46.5%
42University of California-Santa Barbara
45.5%
80Baylor University
44.6%
28Tufts University
42.6%
42University of California-Davis
40.1%
84University of Denver
38.5%
84Marquette University
37.7%
41Case Western Reserve University
36.5%
46University of California-Irvine
35.9%
35University of Rochester
34.6%
88St. Louis University
34.6%
68Southern Methodist University
34.3%
80Northeastern University
34.2%
88University of Tulsa
34.1%
35Lehigh University
30%
31Brandeis University
28.8%
58Pepperdine University
28.4%
61Fordham University
27%
88Drexel University
26%
96Howard University
25.7%
71University of California-Santa Cruz
22.1%
52Yeshiva University
21.6%
42Rensselaer Polytechnic Institute
21.4%
96University of California-Riverside
21%
80Binghamton University
19.1%
96SUNY-Stony Brook
18.5%
77Colorado School of Mines
17.8%
68Worcester Polytechnic Institute
12.7%
88Clark University
9.3%
84Stevens Institute of technolgy
9.2%
80SUNY College of Environmental Science and Forestry
3.5%

You're not logged in!

Compare scores with friends on all Sporcle quizzes.
Join for Free
OR
Log In

You Might Also Like...

Show Comments

Extras

Top Quizzes Today


Score Distribution

Your Account Isn't Verified!

In order to create a playlist on Sporcle, you need to verify the email address you used during registration. Go to your Sporcle Settings to finish the process.

Report this User

Report this user for behavior that violates our Community Guidelines.

Details: